00451nam a2200121Ia 4500008004100000245010300041245002300144260000900167650001300176856004800189999001900237952007300256171211s9999 xx 000 0 und d aJoining Forces: Making One Plus One Equal Three in Mergers, Acquisitions, and Alliances, 2 Edition cMitchell Lee Marks c2010 xBUSINESS uhttp://down.ebook777.com/062/047053737X.pdf c349481d349481 001040aCLbCLd2017-12-11l0r2017-12-11 00:00:00w2017-12-11yCBE